Μικρό λεξικό της αρχαίας ελληνικής : ορθογραφικό, ερμηνευτικό, ετυμολογικό
Αποθηκεύτηκε σε:
| Κύριος συγγραφέας: | |
|---|---|
| Άλλοι συγγραφείς: | , |
| Μορφή: | Βιβλίο |
| Γλώσσα: | Greek |
| Δημοσίευση: |
Αθήνα :
Gutenberg,
2001, c1994.
|
| Έκδοση: | [6η έκδ.]. |
| Θέματα: | |
| Ετικέτες: |
Προσθήκη ετικέτας
Δεν υπάρχουν, Καταχωρήστε ετικέτα πρώτοι!
|
MARC
| LEADER | 00000cam a2200000 i 4500 | ||
|---|---|---|---|
| 001 | 1/2538 | ||
| 008 | 091217r20011994gr | ||| |||| ||gre|| | ||
| 020 | |a 9600105316 | ||
| 035 | |l 10106053 | ||
| 040 | |a GR-MyUA |b gre |e AACR2 | ||
| 041 | 0 | |a gre | |
| 082 | 0 | |a 483 |2 (22) | |
| 100 | 1 | |a Μαρκαντωνάτος, Γεράσιμος Αν., |d 1938- | |
| 245 | 1 | 0 | |a Μικρό λεξικό της αρχαίας ελληνικής : |b ορθογραφικό, ερμηνευτικό, ετυμολογικό / |c Γεράσιμος Μαρκαντωνάτος, Θ. Μοσχόπουλος, Ε. Χωραφάς. |
| 250 | |a [6η έκδ.]. | ||
| 260 | |a Αθήνα : |b Gutenberg, |c 2001, c1994. | ||
| 300 | |a 470 σ. ; |c 16 εκ. | ||
| 650 | 0 | 0 | |a Greek language, Hellenistic (300 B.C.-600 A.D.) |x Dictionaries. |
| 700 | 1 | |a Μοσχόπουλος, Θεοδόσης, |d 1937- | |
| 700 | 1 | |a Χωραφάς, Ευστράτιος. | |
| 852 | |a INST |b SAMOS |e 20091217 |h 483 ΜΑΡ |p 005300031055 |q 005300031055 |t REF |y 23 | ||
| 901 | |a BIBL3-2009-3 | ||
| 909 | |a Σ |b 158349 | ||
| 970 | |a ΣΙΤΖΙΜΗ |b ΓΙΑΣΕΜΗ |z 2009/12/17 | ||